header

Song (Record no. 3033)

MARC details
000 -LEADER
fixed length control field 00940nam a2200253Ia 4500
100 1# - MAIN ENTRY--AUTHOR NAME
Personal name Poe, Edgar Allan,
245 10 - TITLE STATEMENT
Title Song
260 ## - PUBLICATION, DISTRIBUTION, ETC. (IMPRINT)
Place of publication Blacksburg, VA :
Name of publisher Virginia Tech,
Year of publication 2001.
300 ## - PHYSICAL DESCRIPTION
Number of Pages 1 p.
650 #0 - SUBJECT ADDED ENTRY--TOPICAL TERM
Topical Term American poetry.
Topical Term American literature.
856 40 - ELECTRONIC LOCATION AND ACCESS
Uniform Resource Identifier http://site.ebrary.com/lib/rucke/Doc?id=5000921

No items available.

© 2026 Rongo University
Contact us: librarian | system librarian | Rongo university